LEADER 01277nam a2200277 a 4500 001 000000150318 003 CaOOAMICUS 005 20160310184845.0 008 160310s2014 it bdf frm z000 u ita r 032 $aLibriCat 040 $aPUL$bita 100 1 $aNgimbi, Coleta Pambo, $d1988-$0(OLS)http://pul/name/95710 245 10$aMicrocredito :$borigini e prospettive tra solidarietà e sussidiarietà /$cNelloor Chacko Sibymon. 260 $aRoma :$b[s.n.],$c2014. 300 $a110 p.:$bgraf., tav.;$c24 cm. 502 $aEstratto da Tesi -- Pontificia Università Gregoriana--Facoltà di Scienze Sociali, 2014. 504 $aBibliografia: p.[93]-108. 650 4$aSviluppo economico e aree sottosviluppate.$0(OLS)http://pul/subject/18886 650 4$aMicrocredito.$0(OLS)http://pul/subject/42184 710 2 $aPontificia Università Gregoriana.$bFacoltà di scienze sociali.$kTesi.$0(OLS)http://pul/name/35944 850 $aPUL 852 $aPUL$W1$xDP1 Tesi Pon. Univ. Gregoriana$y40$m2014 F 10$j164575$qTesi$B174824$CPULBib$Z2$F174824 $82 941 1 $a16 996 $6245$aMicrocredito :$borigini e prospettive tra solidarietà e sussidiarietà$9(OLS)http://pul/title/184490 996 $6260$aRoma :$b[s.n.]$9(OLS)http://pul/publisher/47958 LEADER 01848nam a2200373 u 4500 001 000000019238 003 CaOOAMICUS 005 20070226110750.0 008 950124s1995 ne u000 u eng u 020 $a9004098178 (v. 1) 020 $a9004098208 (v. 2) 020 $a9004098216 (set) 035 $a10461965 040 $aPUL$bita 100 1 $aHoftijzer, Jacob,$d1926-2011.$0(OLS)http://pul/name/16915 245 10$aDictionary of the North-West Semitic inscriptions /$cby J. Hoftijzer and K. Jongeling ; with appendices by R.C. Steiner, A. Mosak Moshavi and B. Porten. 260 $aLeiden :$bE.J. Brill,$c1995. 300 $a2 vol. (lxxi, 1266 p.) ;$c25 cm 490 1 $aHandbuch der Orientalistik.$aErste Abteilung, Nahe und der Mittlere Osten ;$v21 505 0 $aV. 1. '-L. -- v. 2. M-T. 700 1 $aSteiner, Richard C.$0(OLS)http://pul/name/16917 700 1 $aJongeling, K.$0(OLS)http://pul/name/16916 830 0$aHandbuch der Orientalistik.$nErste Abteilung,$pNahe und der Mittlere Osten ;$v21.$0(OLS)http://pul/title/27249 850 $aPUL 852 $aPUL$W1$xDP1 Fondo Gelio$y54$m5 A 6/1-2$j27083$nBK-PRI$b $qFondi$B27083$CPULBib$Z2$F27083 $HPUL0082; PUL0096 $81 852 $aPUL$W1$xDP1 Fondo Gelio$y54$m5 A 6/1-2$j27083$nBK-PRI$b $qFondi$B27084$CPULBib$Z2$F27084 $HPUL0082; PUL0096 $81 941 1 $a1 961 $aINV: Libro fotocopiato e rilegato. 961 $aINV: Libro fotocopiato e rilegato. 996 $6020$a9004098178 (v. 1)$9(OLS)http://pul/number/24569 996 $6020$a9004098208 (v. 2)$9(OLS)http://pul/number/24570 996 $6020$a9004098216 (set)$9(OLS)http://pul/number/24571 996 $6245$aDictionary of the North-West Semitic inscriptions$9(OLS)http://pul/title/27248 996 $6260$aLeiden :$bE.J. Brill$9(OLS)http://pul/publisher/47925